00914nam a2200229 a 450000100100000000500170001000800410002704000250006808200200009310000410011324501270015426000380028130000280031950400270034759000270037465000290040165000310043070000510046191000370051295201180054999900170066700002706120240412074252.0110329s1980 dr a 000 j spa d aDO-SdBNPbspacBNPHU aRD863.44bB562u1 aBetances de Pujadas, Estrella94556410aUnos cuentos para padres con sus niños ; palabras liminares Emilio Rodríguez Demorizi /cEstrella Betances de Pujadas. aSanto Domingo :bCorripio,c1980. a101 p. :bil. ;c22 cm. aBibliografía: p. 105 aInventariado, 2020/MFF 0aCuentos dominicanos9176 0aLiteratura dominicana.96712aRodríguez Demorizi, Emilio,d1908-198691039 aValidado. Control de calidad MFF 0010718PDaPDbPDcHDd2011-03-29iLF1l0oRD863.44 B562up27061-10r2020-06-25w2020-06-25yLFPDZNo se presta c26553d26553